000
00240nam a2200097Ia 4500
001
919278
005
20250826185948.0
008
250824s9999 xx 000 0 und d
245
0
_a
BABAMIN ŞARKISI
_c
İSMAİL ÖZEN
260
_b
KETEBE YAYINLARI
999
_c
919278
_d
919278